000 00812nam a2200193 a 4500
008 120416s1982 ||||||||||||||||| || u
020 _a0070399018
050 _aTK 7888.3 Mal
100 _aMalvino, Albert Paul
245 1 0 _aDigital computer electronics: an introduction to microcomputers. (2nd ed.)
250 _a2nd. ed.
260 _aNew York:
_bMcGraw-Hill
_c1982
300 _aix, 337p. : ill
350 _a0.00
650 _aELECTRONIC DIGITAL COMPUTERS
650 _aMICROCOMPUTERS
995 _aANNEX COLLECTION (Main Library)
_D0.00
_e711947
_FCBU-MAIN LIBRARY (Kitwe)
_H2
_I10.50
_jTK 7888.3 Mal
_M1
_UAVAILABLE
_y017100
_ZAnnex Low-Usage Collection
995 _aBINDERY (DAMAGED)
_D0.00
_e711946
_FCBU-MAIN LIBRARY (Kitwe)
_H1
_I10.50
_jTK 7888.3 Mal
_M2
_UDAMAGED
_y017101
_ZMain Library Open Access Collection
999 _c63551
_d63551